书目信息 |
| 题名: |
人文家居设计
|
|
| 作者: | 黄雪贞 , 吴秀青 , 罗玉明 编著 | |
| 分册: | ||
| 出版信息: | 广州 广东科技出版社 2006.07 |
|
| 页数: | 86页 | |
| 开本: | 29cm | |
| 丛书名: | ||
| 单 册: | ||
| 中图分类: | TU241 | |
| 科图分类: | ||
| 主题词: | 住宅--zhu zhai--建筑设计 | |
| 电子资源: | ||
| ISBN: | 7-5359-4068-4 | |
| 000 | 01006nam0 2200253 450 | |
| 001 | 012006325433 | |
| 005 | 20070611110535.51 | |
| 010 | @a7-5359-4068-4@dCNY43.00 | |
| 100 | @a20061213d2006 km y0chiy0120 ea | |
| 101 | 0 | @achi |
| 102 | @aCN@b440000 | |
| 105 | @aa z 000yy | |
| 200 | 1 | @a人文家居设计@Aren wen jia ju she ji@e家居环境构思个案分析@f罗玉明, 黄雪贞, 吴秀青编著@Fluo yu ming,huang xue zhen,wu xiu qing bian zhu |
| 210 | @a广州@c广东科技出版社@d2006.07 | |
| 215 | @a86页@c彩图@d29cm | |
| 330 | @a本书的写作目的,在于倡导当设计家居环境时,除了要不断满足人的物质性需求,还必须运用科学的、以人为本的设计手段、把人文艺术有机地融入环境设计中,把这些构筑元素附于物质和空间中。 | |
| 517 | 1 | @a家居环境构思个案分析@Ajia ju huan jing gou si ge an fen xi |
| 606 | 0 | @a住宅@Azhu zhai@x建筑设计 |
| 690 | @aTU241@v4 | |
| 701 | 0 | @a黄雪贞@Ahuang xue zhen@4编著 |
| 701 | 0 | @a吴秀青@Awu xiu qing@4编著 |
| 701 | 0 | @a罗玉明@Aluo yu ming@4编著 |
| 801 | 0 | @aCN@c20070611 |
| 905 | @a10447@dTU241@eL974 | |
| 人文家居设计:家居环境构思个案分析/罗玉明, 黄雪贞, 吴秀青编著.-广州:广东科技出版社,2006.07 |
| 86页:彩图;29cm |
| ISBN 7-5359-4068-4:CNY43.00 |
| 本书的写作目的,在于倡导当设计家居环境时,除了要不断满足人的物质性需求,还必须运用科学的、以人为本的设计手段、把人文艺术有机地融入环境设计中,把这些构筑元素附于物质和空间中。 |
| ● |
| 相关链接 |
|
|
|
正题名:人文家居设计
索取号:TU241/L974
 
预约/预借
| 序号 | 登录号 | 条形码 | 馆藏地/架位号 | 状态 | 备注 |
| 1 | 230650 | 202306502 | 建筑库101/101建筑库 58排6列1层/ [索取号:TU241/L974] | 在馆 | |
| 2 | 230651 | 202306511 | 建筑与城市规划学院资料室/101建筑库 31排1列3层/ [索取号:TU241/L974] | 在馆 | |
| 3 | 230652 | 202306520 | 建筑库101/101建筑库 58排6列1层/ [索取号:TU241/L974] | 在馆 |